[Event "KGZ-ch"]
[Site "Bishkek"]
[Date "2022.05.09"]
[Round "10"]
[White "Abdyzhaparov, Aydar"]
[Black "Sezdbekov, Arzybek"]
[Result "1-0"]
[WhiteElo "2058"]
[BlackElo "2043"]
[PlyCount "87"]
[EventDate "2022.04.30"]
[EventType "swiss"]
[EventRounds "11"]
[EventCountry "KGZ"]
[SourceTitle "EXT 2023"]
[Source "ChessBase"]
[SourceDate "2022.10.05"]
[SourceVersion "1"]
[SourceVersionDate "2022.10.05"]
[SourceQuality "1"]

1. c3 e6 2. d3 d5 3. h3 h5 4. Nd2 Nf6 5. e4 Nbd7 6. Ngf3 dxe4 7. dxe4 Nc5 8. Qc2 Bd7 9. b4 Ba4 10. Nb3 Ncxe4 11. Bd3 Qd5 12. Be3 Rd8 13. 0-0-0 Qc6 14. Kb2 Nd6 15. Ne5 Qxg2 16. Rhg1 Qh2 17. Nf3 Nc4+ 18. Bxc4 Rxd1 19. Nxh2 Rxg1 20. Nf3 Rh1 21. Ng5 Be7 22. Qe2 0-0 23. Bd4 Bd7 24. f4 b5 25. Bd3 g6 26. Nc5 Bc8 27. Qg2 Rd1 28. Bc2 Rxd4 29. cxd4 Nd5 30. Ngxe6 Ne3 31. Qe4 Nc4+ 32. Kc1 Bxc5 33. Nxc5 Nd6 34. Qd5 Kg7 35. Qc6 Re8 36. Qxc7 Nc4 37. Be4 Bxh3 38. d5 a5 39. d6 Rc8 40. Qe7 Nb6 41. a3 axb4 42. axb4 Bd7 43. Kb1 Re8 44. Nxd7 1-0

[Event "KGZ-ch"]
[Site "Bishkek"]
[Date "2022.05.06"]
[Round "7"]
[White "Sezdbekov, Arzybek"]
[Black "Morozov, Aleksandr2"]
[Result "1-0"]
[WhiteElo "2043"]
[BlackElo "1527"]
[PlyCount "153"]
[EventDate "2022.04.30"]
[EventType "swiss"]
[EventRounds "11"]
[EventCountry "KGZ"]
[SourceTitle "EXT 2023"]
[Source "ChessBase"]
[SourceDate "2022.10.05"]
[SourceVersion "1"]
[SourceVersionDate "2022.10.05"]
[SourceQuality "1"]

1. e4 c6 2. Nf3 d5 3. Nc3 dxe4 4. Nxe4 Nf6 5. Ng3 Bg4 6. Bc4 e6 7. h3 Bxf3 8. Qxf3 Be7 9. c3 0-0 10. 0-0 Nbd7 11. d4 Nb6 12. Bd3 Qd5 13. Ne4 h6 14. Bxh6 Qf5 15. Nxf6+ Qxf6 16. Bf4 Nd5 17. Qe4 Qf5 18. Qxf5 exf5 19. Bd2 g6 20. g3 Rad8 21. Rad1 Rfe8 22. Kg2 Kg7 23. h4 Nf6 24. Rfe1 Bd6 25. Bg5 Rxe1 26. Rxe1 Rd7 27. Kf3 a6 28. a4 c5 29. Be3 Ng4 30. dxc5 Ne5+ 31. Ke2 Nxd3 32. Bd4+ f6 33. Kxd3 Bxc5 34. Re6 Bxd4 35. cxd4 Kf7 36. Rb6 Ke7 37. b4 Kf7 38. Kc4 Rc7+ 39. Kd5 Ke7 40. Re6+ Kf7 41. Re2 b5 42. axb5 axb5 43. Kd6 Rc4 44. Re7+ Kf8 45. d5 Rxb4 46. Rb7 f4 47. Ke6 fxg3 48. fxg3 Rb3 49. g4 Rb4 50. Kxf6 Rf4+ 51. Kg5 Rb4 52. d6 Rd4 53. Rxb5 Rxd6 54. Rb7 Rc6 55. Kh6 Rc4 56. Kg5 Rc6 57. Rh7 Kg8 58. Rd7 Kf8 59. Ra7 Rb6 60. Ra8+ Kg7 61. Ra7+ Kf8 62. Kh6 Rb4 63. Ra8+ Kf7 64. Ra7+ Kf8 65. g5 Rxh4+ 66. Kxg6 Rh1 67. Rf7+ Kg8 68. Rb7 Kf8 69. Rb8+ Ke7 70. Kg7 Rg1 71. g6 Rg2 72. Kh7 Kf6 73. Rb6+ Ke7 74. g7 Rh2+ 75. Rh6 Rxh6+ 76. Kxh6 Kf7 77. Kh7 1-0

[Event "Asia-ch Universities"]
[Site "Chess.com INT"]
[Date "2020.12.28"]
[Round "4"]
[White "Sezdbekov, Arzybek"]
[Black "Khairallah, Ralph"]
[Result "0-1"]
[WhiteElo "2052"]
[BlackElo "1811"]
[PlyCount "90"]
[EventDate "2020.12.27"]
[EventType "swiss"]
[EventRounds "9"]
[EventCountry "IRI"]
[SourceTitle "CBM 200 Extra"]
[Source "ChessBase"]
[SourceDate "2021.03.31"]
[SourceVersion "1"]
[SourceVersionDate "2021.03.31"]
[SourceQuality "1"]

1. e4 e6 2. d4 d5 3. Nc3 Nf6 4. Bg5 dxe4 5. Nxe4 Be7 6. Bxf6 Bxf6 7. Nf3 Nd7 8. Bc4 0-0 9. 0-0 a6 10. a4 b6 11. d5 exd5 12. Qxd5 Rb8 13. Rad1 Qe7 14. Rfe1 b5 15. Bd3 Nb6 16. Nxf6+ Qxf6 17. Qe4 g6 18. axb5 axb5 19. Qd4 Qc6 20. Ne5 Qd5 21. Qxd5 Nxd5 22. Bxg6 fxg6 23. Rxd5 Bf5 24. Rc5 Rb7 25. Nc6 b4 26. Ne7+ Kg7 27. Nd5 Rf7 28. b3 Rd7 29. Ne3 Kf6 30. g4 Be6 31. f4 Rd2 32. Re5 Bf7 33. Rc5 Kg7 34. f5 g5 35. f6+ Kxf6 36. Rf1+ Kg6 37. Rc6+ Rd6 38. Rc5 c6 39. Nf5 Rf6 40. Re1 Bd5 41. Ne7+ Kg7 42. Nf5+ Kg6 43. Re3 Rd7 44. h3 h6 45. Kh2 Rf8 0-1

[Event "Online Olym Div2 A"]
[Site "Chess.com INT"]
[Date "2020.08.15"]
[Round "5.5"]
[White "Vogel, Roven"]
[Black "Sezdbekov, Arzybek"]
[Result "1-0"]
[WhiteElo "2456"]
[BlackElo "2052"]
[PlyCount "61"]
[EventDate "2020.08.14"]
[EventType "team-tourn (rapid)"]
[EventRounds "9"]
[EventCountry "USA"]
[SourceTitle "CBM 198 Extra"]
[Source "ChessBase"]
[SourceDate "2020.11.30"]
[SourceVersion "1"]
[SourceVersionDate "2020.11.30"]
[SourceQuality "1"]
[WhiteTeam "Germany"]
[BlackTeam "Kyrgyzstan"]
[WhiteTeamCountry "GER"]
[BlackTeamCountry "KGZ"]

1. d4 Nf6 2. Nf3 e6 3. c4 d5 4. Nc3 a6 5. cxd5 exd5 6. Bg5 c6 7. Qc2 Bb4 8. e3 Bg4 9. Ne5 Bh5 10. Bd3 Bg6 11. 0-0 Nbd7 12. Nxd7 Qxd7 13. Bxf6 gxf6 14. Na4 Qc7 15. Rac1 Rg8 16. g3 Bd6 17. Bf5 h5 18. Kh1 h4 19. gxh4 Bxh2 20. f4 Bg3 21. Bxg6 Rxg6 22. h5 Rh6 23. Kg2 Bh4 24. Qf5 Qa5 25. Nc3 Ke7 26. Kf3 Rg8 27. Rg1 Rgh8 28. b4 Qd8 29. Rg7 Rxh5 30. Qg6 Qe8 31. Rh1 1-0

[Event "Issyk Kul op"]
[Site "Cholpon Ata"]
[Date "2019.08.20"]
[Round "3"]
[White "Sezdbekov, Arzybek"]
[Black "Dadabaev, Janybek"]
[Result "1/2-1/2"]
[WhiteElo "2133"]
[BlackElo "2016"]
[PlyCount "124"]
[EventDate "2019.08.19"]
[EventType "swiss"]
[EventRounds "9"]
[EventCountry "KGZ"]
[SourceTitle "EXT 2020"]
[Source "ChessBase"]
[SourceDate "2019.10.17"]
[SourceVersion "1"]
[SourceVersionDate "2019.10.17"]
[SourceQuality "1"]

1. e4 c5 2. Nf3 e6 3. d4 cxd4 4. Nxd4 a6 5. g3 d6 6. Bg2 Nf6 7. 0-0 Be7 8. c4 0-0 9. Nc3 Qc7 10. Qe2 Nc6 11. Rd1 Ne5 12. b3 Rb8 13. a4 b6 14. Ba3 Bb7 15. f4 Nc6 16. Nxc6 Bxc6 17. h3 Rfd8 18. Kh2 Ba8 19. Rd2 g6 20. Rad1 Ne8 21. Qe3 Bf6 22. e5 dxe5 23. Rxd8 Rxd8 24. Rxd8 Qxd8 25. fxe5 Bg5 26. Qe2 Bxg2 27. Kxg2 Be7 28. Bb2 Ng7 29. g4 h5 30. Ne4 Bg5 31. Bc3 hxg4 32. hxg4 Be7 33. Qf3 Ne8 34. Kf1 Nc7 35. Ke2 b5 36. Qd3 Qa8 37. Kf3 bxa4 38. Qd7 Qd8 39. Qxd8+ Bxd8 40. bxa4 Kf8 41. Ba5 Ke7 42. Nf6 Kf8 43. Nd7+ Ke8 44. Nf6+ Bxf6 45. exf6 Kd7 46. Bxc7 Kxc7 47. a5 Kc6 48. Kf4 Kc5 49. Kg5 e5 50. Kh6 e4 51. Kg7 e3 52. Kxf7 e2 53. Kg7 e1Q 54. f7 Qe5+ 55. Kh7 Qf6 56. Kg8 Qe6 57. Kg7 Qxg4 58. f8Q+ Kxc4 59. Qf1+ Kb4 60. Qxa6 Qd7+ 61. Kxg6 Qb5 62. Qb6 Ka4 1/2-1/2

[Event "KGZ-ch"]
[Site "Bishkek"]
[Date "2019.04.19"]
[Round "7"]
[White "Asanakunov, Zhumagazy"]
[Black "Sezdbekov, Arzybek"]
[Result "1/2-1/2"]
[WhiteElo "2032"]
[BlackElo "1995"]
[PlyCount "103"]
[EventDate "2019.04.13"]
[EventType "swiss"]
[EventRounds "9"]
[EventCountry "KGZ"]
[SourceTitle "CBM 190 Extra"]
[Source "ChessBase"]
[SourceDate "2019.07.15"]
[SourceVersion "1"]
[SourceVersionDate "2019.07.15"]
[SourceQuality "1"]

1. e4 e5 2. Nf3 Nc6 3. d4 exd4 4. Bc4 Nf6 5. e5 d5 6. Bb5 Ne4 7. Nxd4 Bd7 8. Bxc6 bxc6 9. 0-0 c5 10. Ne2 Bc6 11. f3 Ng5 12. f4 Ne4 13. Nd2 Nxd2 14. Bxd2 d4 15. f5 d3 16. cxd3 Qxd3 17. Nc3 c4 18. Bg5 Bc5+ 19. Kh1 Rb8 20. Rb1 Qxd1 21. Rfxd1 f6 22. Bf4 fxe5 23. Bxe5 0-0 24. Bxc7 Rbc8 25. Bd6 Bxd6 26. Rxd6 Rxf5 27. Rbd1 Rf2 28. R6d2 Bxg2+ 29. Kg1 Rxd2 30. Rxd2 Bh3 31. Kf2 Rf8+ 32. Kg3 Bf5 33. Nb5 Bd3 34. Nxa7 Ra8 35. Nc6 Rxa2 36. Nb4 c3 37. Rd1 cxb2 38. Nxa2 b1Q 39. Rxb1 Bxb1 40. Nc3 Bc2 41. Kf4 Kf7 42. Ne2 Kg6 43. h4 Kf6 44. Nd4 Bd1 45. Nf5 g6 46. Ne3 Be2 47. Nd5+ Kg7 48. Ke5 h6 49. Nf4 Bc4 50. Nh3 g5 51. hxg5 hxg5 52. Nxg5 1/2-1/2

[Event "KGZ-ch"]
[Site "Bishkek"]
[Date "2019.04.18"]
[Round "6"]
[White "Sezdbekov, Arzybek"]
[Black "Abdyzhapar, Asylbek"]
[Result "0-1"]
[WhiteElo "1995"]
[BlackElo "2396"]
[PlyCount "106"]
[EventDate "2019.04.13"]
[EventType "swiss"]
[EventRounds "9"]
[EventCountry "KGZ"]
[SourceTitle "CBM 190 Extra"]
[Source "ChessBase"]
[SourceDate "2019.07.15"]
[SourceVersion "1"]
[SourceVersionDate "2019.07.15"]
[SourceQuality "1"]

1. e4 c5 2. Nc3 d6 3. Bb5+ Bd7 4. Bxd7+ Qxd7 5. d4 cxd4 6. Qxd4 Nc6 7. Qd3 g6 8. Nf3 Bg7 9. 0-0 Nf6 10. Rd1 Rc8 11. Rb1 0-0 12. a3 Ng4 13. Bf4 f5 14. Qd5+ Kh8 15. e5 h6 16. h3 g5 17. hxg4 gxf4 18. e6 Qe8 19. g5 Qh5 20. gxh6 Bxh6 21. Kf1 Qg6 22. Rd3 Qf6 23. Re1 b6 24. Ke2 Rg8 25. Rh1 Nd8 26. Qd4 Rg6 27. Nh4 Kh7 28. Nxg6 Qxd4 29. Nf8+ Kg8 30. Rxd4 Bxf8 31. Rxf4 Nxe6 32. Rfh4 Bg7 33. Nd5 Rxc2+ 34. Kd3 Rxf2 35. Nxe7+ Kf7 36. Nc8 d5 37. b4 Rxg2 38. Rf1 f4 39. Rhxf4+ Nxf4+ 40. Rxf4+ Ke6 41. Nxa7 Rg3+ 42. Ke2 Rxa3 43. Nb5 Rh3 44. Rg4 Bf6 45. Nc7+ Kf5 46. Rg1 d4 47. Nd5 Bd8 48. Rg8 Bg5 49. Rf8+ Ke4 50. Nf6+ Bxf6 51. Rxf6 Rh2+ 52. Ke1 b5 53. Rb6 Ke3 0-1

[Event "KGZ-ch"]
[Site "Bishkek"]
[Date "2019.04.13"]
[Round "1"]
[White "Sezdbekov, Almaz"]
[Black "Sezdbekov, Arzybek"]
[Result "0-1"]
[WhiteElo "1619"]
[BlackElo "1995"]
[PlyCount "78"]
[EventDate "2019.04.13"]
[EventType "swiss"]
[EventRounds "9"]
[EventCountry "KGZ"]
[SourceTitle "CBM 190 Extra"]
[Source "ChessBase"]
[SourceDate "2019.07.15"]
[SourceVersion "1"]
[SourceVersionDate "2019.07.15"]
[SourceQuality "1"]

1. f4 g6 2. e4 Bg7 3. Nf3 c6 4. d4 d5 5. e5 Nd7 6. c4 Nh6 7. cxd5 cxd5 8. Bd3 e6 9. 0-0 Nf5 10. Bxf5 gxf5 11. Nbd2 Nf8 12. Nb3 Bd7 13. Bd2 Bb5 14. Rf2 b6 15. Rc1 Ng6 16. g3 a5 17. Rc3 0-0 18. Nc1 Qd7 19. b3 a4 20. Be1 Rfc8 21. Rfc2 axb3 22. axb3 Bf8 23. Nd3 Qb7 24. Qc1 Rxc3 25. Rxc3 Ra2 26. Nf2 Qa6 27. Rc2 Be2 28. Nh4 Rxc2 29. Qxc2 Bb5 30. Nxg6 hxg6 31. g4 Qa1 32. Qc3 Qb1 33. gxf5 Qxf5 34. Bd2 Bh6 35. Qc8+ Kh7 36. Qd8 Qb1+ 37. Kg2 Bf1+ 38. Kg3 Qxb3+ 39. Kh4 Qf3 0-1

[Event "KGZ-ch U20"]
[Site "Bishkek"]
[Date "2019.03.24"]
[Round "6"]
[White "Sezdbekov, Arzybek"]
[Black "Abylkasymov, Kairatbek"]
[Result "1-0"]
[WhiteElo "1997"]
[BlackElo "1880"]
[PlyCount "61"]
[EventDate "2019.03.19"]
[EventType "swiss"]
[EventRounds "9"]
[EventCountry "KGZ"]
[SourceTitle "CBM 190 Extra"]
[Source "ChessBase"]
[SourceDate "2019.07.15"]
[SourceVersion "1"]
[SourceVersionDate "2019.07.15"]
[SourceQuality "1"]

1. e4 c5 2. Nf3 d6 3. d4 cxd4 4. Nxd4 Nf6 5. Nc3 g6 6. Be2 Bg7 7. Be3 0-0 8. 0-0 Nc6 9. Re1 d5 10. exd5 Nb4 11. d6 Qxd6 12. Bf3 e5 13. Ndb5 Qxd1 14. Bxd1 Nc6 15. Bc5 Rd8 16. Bf3 a6 17. Nc7 Rb8 18. Nxa6 bxa6 19. Bxc6 Rxb2 20. Rad1 Nd7 21. Be7 Re8 22. Bxd7 Bxd7 23. Rxd7 Rxc2 24. Nd5 Rxa2 25. Nf6+ Bxf6 26. Bxf6 Rc2 27. g4 e4 28. Rxe4 Rf8 29. Red4 Rc6 30. g5 Ra8 31. R7d6 1-0

[Event "KGZ-ch U20"]
[Site "Bishkek"]
[Date "2019.03.21"]
[Round "3"]
[White "Zholdoshmamatov, Adilet"]
[Black "Sezdbekov, Arzybek"]
[Result "0-1"]
[WhiteElo "1671"]
[BlackElo "1997"]
[PlyCount "120"]
[EventDate "2019.03.19"]
[EventType "swiss"]
[EventRounds "9"]
[EventCountry "KGZ"]
[SourceTitle "CBM 190 Extra"]
[Source "ChessBase"]
[SourceDate "2019.07.15"]
[SourceVersion "1"]
[SourceVersionDate "2019.07.15"]
[SourceQuality "1"]

1. e4 c5 2. Nc3 d6 3. f4 g6 4. Nf3 Bg7 5. Bc4 Nc6 6. d3 Nf6 7. 0-0 Bg4 8. h3 Bxf3 9. Qxf3 a6 10. a4 Nd4 11. Qf2 e6 12. Be3 d5 13. exd5 exd5 14. Ba2 0-0 15. Bxd4 cxd4 16. Qxd4 Ng4 17. Qb4 a5 18. Qb5 Bd4+ 19. Kh1 Ne3 20. Nxd5 Nxf1 21. Rxf1 Rc8 22. c3 Bc5 23. f5 Qh4 24. fxg6 hxg6 25. Nf6+ Kh8 26. Ne4 b6 27. Nxc5 bxc5 28. Qxa5 Qg3 29. Qa6 f5 30. Rf3 Qg5 31. Bf7 Rc7 32. Bxg6 Rg7 33. Qd6 Rxg6 34. Qxf8+ Rg8 35. Qxg8+ Kxg8 36. Kh2 Qf6 37. g4 Qe5+ 38. Kg2 f4 39. a5 Qb8 40. Rf2 Qa8+ 41. Kh2 Qb8 42. Kg2 Kg7 43. a6 Kg6 44. h4 Qa8+ 45. Kh2 Qxa6 46. Rxf4 Qxd3 47. Rf2 Qe3 48. Kg2 Qd3 49. Kh2 Qd1 50. Kg3 Qg1+ 51. Rg2 Qe1+ 52. Rf2 Qg1+ 53. Kf3 Kf6 54. Ke2+ Ke5 55. Rf5+ Ke4 56. Rg5 Qh2+ 57. Kd1 Kd3 58. Rd5+ Kc4 59. Rf5 Qg1+ 60. Kc2 Qg2+ 0-1

[Event "KGZ-ch FL"]
[Site "Bishkek"]
[Date "2019.03.09"]
[Round "7"]
[White "Chubakov, Sultan"]
[Black "Sezdbekov, Arzybek"]
[Result "1/2-1/2"]
[WhiteElo "1710"]
[BlackElo "1997"]
[PlyCount "42"]
[EventDate "2019.03.03"]
[EventType "swiss"]
[EventRounds "9"]
[EventCountry "KGZ"]
[SourceTitle "EXT 2021"]
[Source "ChessBase"]
[SourceDate "2020.10.23"]
[SourceVersion "1"]
[SourceVersionDate "2020.10.23"]
[SourceQuality "1"]

1. d4 Nf6 2. c4 e6 3. Nf3 d5 4. g3 Be7 5. Bg2 0-0 6. 0-0 c6 7. Nbd2 Nbd7 8. Qc2 b6 9. e4 dxc4 10. Nxc4 Ba6 11. b3 c5 12. dxc5 Rc8 13. cxb6 Nxb6 14. Rd1 Nxc4 15. Rxd8 Rfxd8 16. h3 Ne5 17. Qb2 Nd3 18. Qe2 Nb4 19. Qb2 Nd3 20. Qe2 Nb4 21. Qb2 Nd3 1/2-1/2

[Event "KGZ-ch FL"]
[Site "Bishkek"]
[Date "2019.03.05"]
[Round "3"]
[White "Onufrienko, Vladislav"]
[Black "Sezdbekov, Arzybek"]
[Result "1-0"]
[WhiteElo "1785"]
[BlackElo "1997"]
[PlyCount "76"]
[EventDate "2019.03.03"]
[EventType "swiss"]
[EventRounds "9"]
[EventCountry "KGZ"]
[SourceTitle "EXT 2021"]
[Source "ChessBase"]
[SourceDate "2020.10.23"]
[SourceVersion "1"]
[SourceVersionDate "2020.10.23"]
[SourceQuality "1"]

1. d4 Nf6 2. Nf3 e6 3. g3 b6 4. Bg2 Bb7 5. 0-0 Be7 6. c4 0-0 7. d5 exd5 8. Nh4 Ne4 9. cxd5 Bxh4 10. Bxe4 Bf6 11. Qc2 h6 12. Nc3 d6 13. Bg2 Nd7 14. e4 Re8 15. Rb1 a5 16. a3 Ba6 17. Rd1 Nc5 18. b4 axb4 19. axb4 Bxc3 20. bxc5 Qf6 21. cxb6 cxb6 22. Rxb6 Ba5 23. Bb2 Qg6 24. Rb3 Rac8 25. Bc3 Bc4 26. Bxa5 Bxd5 27. Rc3 Rxc3 28. Bxc3 Bxe4 29. Bxe4 Rxe4 30. Qd3 Qh5 31. Qxd6 Re6 32. Qd8+ Kh7 33. Qd3+ Rg6 34. Ra1 Qg5 35. Qf3 Qc5 36. Ra8 Qc7 37. h4 Qc4 38. Kh2 Qb3 1-0

[Event "KGZ-ch FL"]
[Site "Bishkek"]
[Date "2019.03.04"]
[Round "2"]
[White "Sezdbekov, Arzybek"]
[Black "Degenbaev, Aziz"]
[Result "1-0"]
[WhiteElo "1997"]
[BlackElo "1684"]
[PlyCount "39"]
[EventDate "2019.03.03"]
[EventType "swiss"]
[EventRounds "9"]
[EventCountry "KGZ"]
[SourceTitle "EXT 2021"]
[Source "ChessBase"]
[SourceDate "2020.10.23"]
[SourceVersion "1"]
[SourceVersionDate "2020.10.23"]
[SourceQuality "1"]

1. Nf3 d5 2. c4 c6 3. g3 Nf6 4. Bg2 Bf5 5. 0-0 e6 6. d4 Be7 7. Nc3 h6 8. cxd5 cxd5 9. Qb3 Qc8 10. Bf4 Nc6 11. Rfc1 0-0 12. Nb5 a6 13. Nc7 Ra7 14. Ne5 g5 15. Qb6 Qb8 16. Nb5 Bd8 17. Nxc6 Bxb6 18. Bxb8 Ra8 19. Ne7+ Kh7 20. Be5 1-0

[Event "KGZ-ch U18"]
[Site "Bishkek"]
[Date "2019.01.07"]
[Round "4"]
[White "Sezdbekov, Ruslan"]
[Black "Sezdbekov, Arzybek"]
[Result "1/2-1/2"]
[WhiteElo "2146"]
[BlackElo "1947"]
[PlyCount "35"]
[EventDate "2019.01.04"]
[EventType "swiss"]
[EventRounds "9"]
[EventCountry "KGZ"]
[SourceTitle "CBM 189 Extra"]
[Source "ChessBase"]
[SourceDate "2019.05.31"]
[SourceVersion "1"]
[SourceVersionDate "2019.05.31"]
[SourceQuality "1"]

1. e4 e5 2. Nf3 Nc6 3. d4 exd4 4. Nxd4 Nf6 5. Nc3 Bb4 6. Nxc6 bxc6 7. Bd3 d5 8. exd5 cxd5 9. 0-0 0-0 10. Bg5 Be7 11. Qf3 Be6 12. Rfe1 h6 13. Bxh6 gxh6 14. Rxe6 fxe6 15. Qg3+ Kh8 16. Qg6 Qe8 17. Qxh6+ Kg8 18. Qg5+ 1/2-1/2

[Event "KGZ-ch HL"]
[Site "Bishkek"]
[Date "2018.05.16"]
[Round "6"]
[White "Morozov, Aleksandr2"]
[Black "Sezdbekov, Arzybek"]
[Result "0-1"]
[WhiteElo "1549"]
[BlackElo "1817"]
[PlyCount "36"]
[EventDate "2018.05.11"]
[EventType "swiss"]
[EventRounds "9"]
[EventCountry "KGZ"]
[SourceTitle "EXT 2019"]
[Source "ChessBase"]
[SourceDate "2018.10.10"]
[SourceVersion "1"]
[SourceVersionDate "2018.10.10"]
[SourceQuality "1"]

1. e4 e6 2. d4 d5 3. e5 c5 4. Qg4 Ne7 5. Nf3 Nbc6 6. Bd3 Nf5 7. dxc5 Qc7 8. Bxf5 Nxe5 9. Qg3 Nxf3+ 10. Qxf3 exf5 11. 0-0 Bxc5 12. Re1+ Be6 13. Qxf5 0-0 14. Qd3 Rac8 15. c3 Qb6 16. Qe2 Bg4 17. Qc2 Rfe8 18. Qd2 Bxf2+ 0-1

[Event "KGZ-ch U20"]
[Site "Bishkek"]
[Date "2017.03.27"]
[Round "5"]
[White "Taalaibekov, Tagir"]
[Black "Sezdbekov, Arzybek"]
[Result "1-0"]
[WhiteElo "2188"]
[BlackElo "1899"]
[PlyCount "73"]
[EventDate "2017.03.23"]
[EventType "swiss"]
[EventRounds "7"]
[EventCountry "KGZ"]
[SourceTitle "EXT 2018"]
[Source "ChessBase"]
[SourceDate "2017.10.13"]
[SourceVersion "1"]
[SourceVersionDate "2017.10.13"]
[SourceQuality "1"]

1. d4 Nf6 2. c4 e6 3. Nf3 Bb4+ 4. Bd2 a5 5. Qc2 d6 6. a3 Bxd2+ 7. Nbxd2 Nbd7 8. g3 b6 9. Bg2 Bb7 10. 0-0 0-0 11. b4 Qe7 12. e4 e5 13. d5 c5 14. dxc6 Bxc6 15. Rfd1 Rfd8 16. Ne1 b5 17. Qd3 bxc4 18. Nxc4 axb4 19. axb4 Rxa1 20. Rxa1 d5 21. exd5 Bb5 22. Qb3 Bxc4 23. Qxc4 Nb6 24. Qc5 Nbxd5 25. Qxe7 Nxe7 26. Nf3 Nfd5 27. b5 f6 28. Bf1 Nb6 29. Ra7 Rd7 30. Ra6 Nec8 31. Bh3 Rc7 32. Bxc8 Nxc8 33. b6 Rb7 34. Ra8 Rxb6 35. Rxc8+ Kf7 36. Rc7+ Kg8 37. Nd2 1-0